| 000 | 00837cam a2200277 4500 | ||
|---|---|---|---|
| 008 | |||
| 020 | _a0397503334 (pbk.) | ||
| 049 | _aMAIN | ||
| 090 |
_aRD111 _bFER |
||
| 100 | 1 | _aFerguson, L. Kraeer. | |
| 245 | 1 | 0 |
_aFerguson's Surgery of the ambulatory patient / _cedited by Mark W. Wolcott. |
| 250 | _a5th ed. | ||
| 260 |
_aPhiladelphia, _bLippincott _cc1974 |
||
| 300 |
_axv, 554 p. _bill. _c26 cm. |
||
| 504 | _aIncludes bibliographical references. | ||
| 500 | _aIncludes index. | ||
| 650 | 0 | _aSurgery, Minor. | |
| 650 | 2 |
_aAmbulatory care _xSurgery, Minor. |
|
| 700 | 1 |
_aWolcott, Mark W., _eed. |
|
| 740 | 0 | _aSurgery of the ambulatory patient. | |
| 907 |
_a.b10355200 _b26-03-15 _c25-03-15 |
||
| 003 | |||
| 005 | 20230120204148.0 | ||
| 040 | _cNUST | ||
| 942 |
_cBOOKS _kRD111 _mFER |
||
| 999 |
_c118239 _d118239 |
||